| 000 | 00919 a2200289 4500 | ||
|---|---|---|---|
| 003 | OSt | ||
| 005 | 20180116192350.0 | ||
| 008 | 120601t xxu||||| |||| 00| 0 eng d | ||
| 010 | _a 2010283457 | ||
| 020 | _a9780714843216 | ||
| 020 | _a0714843210 | ||
| 035 | _a(OCoLC)ocn149388874 | ||
| 040 | _c0 | ||
| 082 | 0 | 4 | _a709.2 |
| 100 | 1 |
_aMedina, Cuauhtemoc. _93676 |
|
| 245 | 1 | 0 |
_aFrancis Alys / _cCuauhtemoc Medina, Russell Ferguson, Jean Fisher. |
| 260 |
_aLondon ; _cNew York, NY : _bPhaidon Press, _cc2007. |
||
| 300 |
_a158 p. : _bcol. ill. ; _c30 cm. |
||
| 600 | 1 | 0 |
_aAlys, Francis, _d1959- _93677 |
| 600 | 1 | 0 |
_aAlys, Francis. _93678 |
| 650 | 0 |
_aConceptual art _zMexico. _93679 |
|
| 700 | 1 |
_aAlys, Francis, _d1959- _93680 |
|
| 700 | 1 |
_aFerguson, Russell. _93681 |
|
| 700 | 1 |
_aFisher, Jean. _93682 |
|
| 942 |
_aSADA _cBK _k709.2 MED 2007 _2ddc |
||
| 999 |
_c352909 _d352909 |
||